Responses for National College Championship game #18 - Tuesday, February 22, 2022

2022 National College Championship final game 2.

Contestants

[<< previous game]

Raymond Goslow, a senior at Kennesaw State University in Kennesaw, Georgia (subtotal of $13,200)

Jaskaran Singh, a senior at the University of Texas at Austin in Austin, Texas (subtotal of $32,400)

Liz Feltner, a senior at Northeastern University in Boston, Massachusetts (subtotal of $5,800)

Jeopardy! Round responses

HISTORIC POTPOURRI
NUMB WITH NUMBERS
FOOD COMBOS
"C" THE ANIMALS
A DAY OF POP CULTURE
ALLITERATIVE PHRASES
    $200 21
shogun

Raymond
    $200 24
one third

Raymond
    $200 29
vanilla, chocolate & strawberry

Jaskaran
    $200 27
a catfish

Raymond
    $200 10
Lil Nas X

Jaskaran
    $200 30
the First Family

Liz
    $400 15
baptism

Raymond
    $400 23
(Mayim: That's right, the Pythagorean theorem.)

10 inches

Jaskaran
    $400 28
surf & turf

Jaskaran
    $400 25
a cockapoo

Triple Stumper
    $400 3
Grey's Anatomy

Jaskaran
    $400 26
March Madness

Jaskaran
    $600 11
Jamestown

Liz
    $600 7
(Jaskaran: What is 12?)

42

JaskaranRaymond
    $600 22
grits

Jaskaran
    $600 17
a cobra

Jaskaran
    $600 2
Sonic the Hedgehog

Triple Stumper
    $600 13
break bread

Raymond
    $800 4
Horatio Nelson

Jaskaran
    $800 6
91 (13 × 7)

Jaskaran
    $800 14
salmon & cream cheese

Jaskaran
    $800 16
a capybara

Jaskaran
    $800 1
(Jaskaran: What is America's Next Top Model?)

RuPaul's Drag Race

LizJaskaran
    $800 12
a canary in the coalmine

Jaskaran
    $1000 5
Rhodes

Raymond
    $1000 8
$20 ($320/pound ÷ 16)

Liz
    $1000 19
(Mayim: Yep, the line's always around the corner.)

Chicken & Waffles

Jaskaran
    $1000 18
a California condor

Raymond
    $1000 9
Strangers on a Train

Triple Stumper
    $500 20
the Headless Horseman

Jaskaran

Scores at the first commercial break (after clue 15):

Liz Jaskaran Raymond
$2,400 $2,400 $2,600

Scores at the end of the Jeopardy! Round:

Liz Jaskaran Raymond
$2,600 $7,300 $4,200

Double Jeopardy! Round responses

A STATE CAPITOL IDEA
SCARY STORIES
CLASSICAL MUSIC
IT'S JUST ABOUT TIME
DOCUMENTARY SUBJECTS
DOUBLE TALK WORDS
    $400 16
a cannon

Raymond
    $400 23
Beloved

Jaskaran
    $400 20
cello

Jaskaran
    $400 30
intermission

Liz
    $400 29
McDonald's

Jaskaran
    $400 28
pompoms

Raymond
    $800 14
(Liz: What is rail?)
(Jaskaran: What is Helena?)

the Golden Spike

LizJaskaran
Triple Stumper
    $800 22
The Turn of the Screw

Jaskaran
    $800 19
adagio

Jaskaran
    $800 25
full term

Raymond
    $5,000 13
Fyre Fest

Jaskaran
    $800 1
Coco

Raymond
    $5,000 4
(Jaskaran: Um... what are... railroad... spikes?)
...
(Mayim: It's the [*] State.)

beehives

Jaskaran
    $1200 21
The Lovely Bones

Liz
    $1200 18
Vivaldi

Jaskaran
    $1200 24
(Raymond: What is insurance?)
(Liz: What is a warranty?)
(Mayim: Be more specific.)

an extended warranty

LizRaymond
    $1200 11
(Raymond: What is the Spanish flu?)

World War I

JaskaranRaymond
    $1200 27
couscous

Jaskaran
    $1600 3
John Brown

Jaskaran
    $1600 5
runes

Jaskaran
    $1600 17
Stravinsky

Jaskaran
    $1600 15
the Pennsylvanian

Triple Stumper
    $1600 12
Banksy

Jaskaran
    $1600 9
a murmur

Raymond
    $2000 2
Juneau

Raymond
    $2000 6
Shirley Jackson

Raymond
    $2000 10
Brahms

Raymond
    $2000 8
Greenwich Mean Time

Raymond
    $2000 7
(Edward) Snowden

Raymond
    $2000 26
tsetse

Raymond

Scores at the end of the Double Jeopardy! Round:

Liz Jaskaran Raymond
$4,600 $19,300 $17,800
(lock tournament)

[wagering suggestions for these scores]

Final Jeopardy! Round responses

THE 19th CENTURY
(Mayim: [To Raymond] That is correct, by Mark Twain and Charles Dudley Warner.)
...
(Mayim: [To Jaskaran] Congratulations, you are our champion! You will take home $250,000; come get your trophy. Many congratulations.)
...
(Mayim: This has been such an exciting tournament to be part of. We are so impressed by you, by you, by you, by all of our contestants. Thank you so much for being part of the first Jeopardy! National College Championship!)
LizWhat is the Era of Good Feelings?
$3,000
RaymondWhat is the Gilded Age?
$15,999
JaskaranWhat is The Gilded Age?
$0
the Gilded Age

Final scores:

Liz Jaskaran Raymond
$1,600 $19,300 $33,799

Cumulative scores:

Liz Jaskaran Raymond
$7,400 $51,700 $46,999
3rd place: $50,000 Winner: $250,000 + a trophy + the title of Jeopardy! National College Champion 2nd place: $100,000

Game dynamics:

Coryat scores:

Liz Jaskaran Raymond
$4,600 $20,600 $17,800
7 R,
1 W
28 R
(including 2 DDs),
4 W
(including 1 DD)
19 R,
2 W

Combined Coryat: $43,000

[game clues] [game scores] [suggest correction]

Game tape date: 2021-11-23
The J! Archive is created by fans, for fans. Scraping, republication, monetization, and malicious use prohibited; this site may use cookies and collect identifying information. See terms. The Jeopardy! game show and all elements thereof, including but not limited to copyright and trademark thereto, are the property of Jeopardy Productions, Inc. and are protected under law. This website is not affiliated with, sponsored by, or operated by Jeopardy Productions, Inc. Join the discussion at JBoard.tv.